| 000 | 01532nam a2200397Ia 4500 | ||
|---|---|---|---|
| 001 | ebr10508831 | ||
| 003 | CaPaEBR | ||
| 006 | m u | ||
| 007 | cr cn||||||||| | ||
| 008 | 960718s1997 cauab sb s001 0 eng d | ||
| 010 | _z 96032968 | ||
| 020 | _z0520205405 | ||
| 020 | _z0520206053 | ||
| 020 | _z9780520205406 | ||
| 020 | _z9780520918085 | ||
| 040 |
_aCaPaEBR _cCaPaEBR |
||
| 035 | _a(OCoLC)317460590 | ||
| 050 | 1 | 4 |
_aD359 _b.T4 1997eb |
| 245 | 0 | 0 |
_aTensions of empire _h[electronic resource] : _bcolonial cultures in a bourgeois world / _cedited by Frederick Cooper, Ann Laura Stoler. |
| 260 |
_aBerkeley : _bUniversity of CA Press, _cc1997. |
||
| 300 |
_axii, 470 p. : _bill., map. |
||
| 504 | _aIncludes bibliographical references and index. | ||
| 533 |
_aElectronic reproduction. _bPalo Alto, Calif. : _cebrary, _d2011. _nAvailable via World Wide Web. _nAccess may be limited to ebrary affiliated libraries. |
||
| 650 | 0 |
_aHistory, Modern _y19th century. |
|
| 650 | 0 |
_aHistory, Modern _y20th century. |
|
| 650 | 0 |
_aImperialism _xHistory _y19th century. |
|
| 650 | 0 |
_aImperialism _xHistory _y20th century. |
|
| 650 | 0 | _aColonies. | |
| 651 | 0 |
_aEurope _xHistory _y1789-1900. |
|
| 651 | 0 |
_aEurope _xHistory _y20th century. |
|
| 655 | 7 |
_aElectronic books. _2local |
|
| 700 | 1 |
_aCooper, Frederick, _d1947- |
|
| 700 | 1 | _aStoler, Ann Laura. | |
| 710 | 2 | _aebrary, Inc. | |
| 856 | 4 | 0 |
_uhttp://site.ebrary.com/lib/rucke/Doc?id=10508831 _zAn electronic book accessible through the World Wide Web; click to view |
| 999 |
_c116813 _d116813 |
||